[Event "Olimpiade 2024 - Donne"]
[Site "Budapest"]
[Date "15.09.2024"]
[Round "5.34"]
[Board "4"]
[White "Ruba Al-Qudah"]
[Black "Eftovska, Lea"]
[Result "1-0"]
[WhiteElo "1937"]
[BlackElo "1839"]
[WhiteTeam "Jordan"]
[BlackTeam "North Macedonia"]
[WhiteFideId "8114595"]
[BlackFideId "15004902"]
[EventDate "2024.09.11"]

1. e4 e5 2. Bc4 Nf6 3. d3 c6 4. Nf3 Be7 5. O-O d6 6. Re1 O-O 7. Nbd2 Nbd7 8. a4
Qc7 9. Nf1 Re8 10. Ne3 h6 11. c3 Nf8 12. Qb3 Be6 13. Bxe6 Nxe6 14. Nf5 Bf8 15.
Bd2 Kh7 16. Rad1 g6 17. Ng3 Nc5 18. Qc2 a5 19. d4 Ne6 20. Bc1 Rad8 21. h3 Bg7
22. dxe5 dxe5 23. Be3 Nd7 24. Ne2 Ndc5 25. b4 Na6 26. Qb3 axb4 27. cxb4 Qe7 28.
Rb1 Rd7 29. Bb6 Nd4 30. Nexd4 exd4 31. Qc4 d3 32. b5 Nb8 33. Rbd1 Qe6 34. Qxe6
Rxe6 35. Ba7 Re8 36. Re3 cxb5 37. axb5 Rde7 38. Bxb8 Rxb8 39. Rdxd3 Rc8 40. Rd5
Rc4 41. Nd2 Rc1+ 42. Kh2 Be5+ 43. g3 Bc7 44. Kg2 Bb6 45. Red3 Rcc7 46. Kf3 Kg7
47. g4 f6 48. Nb3 Kf7 49. Rd6 Re6 50. R6d5 Rce7 51. Nd2 Rc7 52. Rd7+ Re7 53.
R7d6 Re6 54. Rd8 Rc2 55. R3d7+ Re7 56. Rxe7+ Kxe7 57. Rb8 Rc7 58. Rh8 Ke6 59.
Rb8 Kd6 60. Ke2 Kc5 61. Rf8 Kxb5 62. Rxf6 Rg7 63. f4 Bd4 64. Rd6 Kc5 65. Rd5+ 1-0

[Event "Olimpiade 2024 - Donne"]
[Site "Budapest"]
[Date "15.09.2024"]
[Round "5.35"]
[Board "2"]
[White "Amoko, Ivy Claire"]
[Black "Mirza, Diana"]
[Result "0-1"]
[WhiteTitle "WFM"]
[BlackTitle "WFM"]
[WhiteElo "1820"]
[BlackElo "1962"]
[WhiteTeam "Uganda"]
[BlackTeam "Ireland"]
[WhiteFideId "10000291"]
[BlackFideId "2503999"]
[EventDate "2024.09.11"]

1. e4 c5 2. Nf3 Nc6 3. d4 cxd4 4. Nxd4 e6 5. Nc3 a6 6. Be3 Qc7 7. Qf3 Nf6 8.
O-O-O Bb4 9. Nxc6 Qxc6 10. Bd4 Bxc3 11. Bxc3 Qxe4 12. Qg3 Qg6 13. Qh4 Ne4 14.
Bxg7 Qxg7 15. Qxe4 f5 16. Qe3 O-O 17. f4 d5 18. c4 dxc4 19. Bxc4 Qc7 20. Qc3
Qxf4+ 21. Kb1 b5 22. Bb3 Ra7 23. Rd4 Qg5 24. Rc1 Qf6 25. Qe3 Re7 26. Rd6 Kf7 27.
Rf1 Rg8 28. Qh3 Kg7 29. Re1 Kh8 30. Qe3 Rxg2 31. Re2 Rxe2 32. Qxe2 Kg7 33. a3
Qg6 34. Qe5+ Kf7 35. Ka2 Qf6 36. Qc5 Re8 37. Bd5 Qe5 0-1

[Event "Olimpiade 2024 - Donne"]
[Site "Budapest"]
[Date "15.09.2024"]
[Round "5.35"]
[Board "3"]
[White "Gora, Antonina"]
[Black "Sana Omprakash Kayyar"]
[Result "0-1"]
[BlackTitle "WCM"]
[WhiteElo "1943"]
[BlackElo "1937"]
[WhiteTeam "Ireland"]
[BlackTeam "Uganda"]
[WhiteFideId "1148290"]
[BlackFideId "10021132"]
[EventDate "2024.09.11"]

1. e4 e5 2. Nf3 Nc6 3. Bc4 Nf6 4. d3 Bc5 5. O-O a6 6. a4 O-O 7. h3 h6 8. Re1 d6
9. c3 Ba7 10. Nbd2 Re8 11. Nf1 Be6 12. Bb3 Bxb3 13. Qxb3 Qd7 14. Ng3 Ne7 15. Nh4
d5 16. Qc2 Rad8 17. Be3 Bxe3 18. Rxe3 dxe4 19. dxe4 g6 20. Nf3 Nc8 21. Ne1 Nd6
22. b3 h5 23. f3 Re7 24. Nd3 Nde8 25. Nf1 Ng7 26. Rae1 c6 27. Nb2 Ne6 28. Nc4
Qc7 29. a5 Nf4 30. Kh2 Qd7 31. Nb6 Qe6 32. Nd2 h4 33. Ndc4 N6h5 34. Rd1 Rxd1 35.
Qxd1 Qf6 36. Qe1 Qg5 37. Qf2 Re8 38. Nd7 Re7 39. Ncb6 Nxg2 40. Qxg2 Qxe3 41. b4
Qf4+ 42. Kg1 Qc1+ 43. Kf2 Ng3 44. Nf6+ Kg7 45. Ng4 Qd2+ 46. Kg1 Qe1+ 47. Kh2
Nf1+ 48. Kh1 Ng3+ 49. Kh2 Re8 50. Nc4 Nf1+ 51. Kh1 Ne3+ 52. Qg1 Qxg1+ 53. Kxg1
Nxc4 0-1

[Event "Olimpiade 2024 - Donne"]
[Site "Budapest"]
[Date "15.09.2024"]
[Round "5.35"]
[Board "4"]
[White "Kawuma Patricia"]
[Black "Putar, Lara"]
[Result "1-0"]
[WhiteElo "1839"]
[BlackElo "1911"]
[WhiteTeam "Uganda"]
[BlackTeam "Ireland"]
[WhiteFideId "10012486"]
[BlackFideId "14546604"]
[EventDate "2024.09.11"]

1. d4 Nf6 2. c4 e6 3. g3 d5 4. Bg2 c6 5. Nd2 Be7 6. Ngf3 O-O 7. Qc2 Nbd7 8. O-O
c5 9. b3 cxd4 10. Nxd4 Bc5 11. Bb2 e5 12. N4f3 Qc7 13. e3 Re8 14. Rac1 e4 15.
Nd4 dxc4 16. Nxc4 Bxd4 17. Bxd4 b6 18. Qb1 Qb8 19. Rfd1 Bb7 20. Bb2 Nd5 21. Bxe4
Nc3 22. Bxh7+ Kf8 23. Bxc3 Nc5 24. Nd6 Re6 25. Nxb7 Qxb7 26. Bf5 Rh6 27. b4 Ne6
28. Be4 Qb8 29. Bxa8 Qxa8 30. Be5 Ng5 31. Qf5 Nf3+ 32. Kf1 Re6 33. Bf4 Nd4 34.
Rxd4 Qh1+ 35. Ke2 Qxc1 36. Qd3 Qc6 37. Rd6 Qa4 38. Rxe6 Qxa2+ 39. Qd2 Qc4+ 40.
Kf3 fxe6 41. Qd8+ Kf7 42. Qc7+ Qxc7 43. Bxc7 Ke7 44. Be5 1-0

[Event "Olimpiade 2024 - Donne"]
[Site "Budapest"]
[Date "15.09.2024"]
[Round "5.36"]
[Board "1"]
[White "Henderson de La Fuente, Andrea"]
[Black "Partac, Elena"]
[Result "1-0"]
[WhiteTitle "WFM"]
[BlackTitle "WGM"]
[WhiteElo "1986"]
[BlackElo "2078"]
[WhiteTeam "Andorra"]
[BlackTeam "Moldova"]
[WhiteFideId "32096577"]
[BlackFideId "13901001"]
[EventDate "2024.09.11"]

1. e4 c5 2. Nc3 e6 3. Nge2 a6 4. g3 h5 5. h3 b5 6. Bg2 Bb7 7. a3 Nf6 8. d3 d5 9.
exd5 Nxd5 10. O-O Nxc3 11. Nxc3 Bxg2 12. Kxg2 Nc6 13. Be3 Nd4 14. Bxd4 cxd4 15.
Ne4 Be7 16. f4 g6 17. a4 Rc8 18. axb5 axb5 19. Rf2 Qd5 20. Qf3 h4 21. g4 f5 22.
gxf5 gxf5 23. Ng5 Qxf3+ 24. Nxf3 Rg8+ 25. Kh2 Bf6 26. Re2 Rc6 27. Ra7 Rg3 28.
Rf2 Rxf3 29. Rxf3 Rxc2+ 30. Kg1 Rxb2 31. Rf2 Rxf2 32. Kxf2 Be7 33. Ke2 b4 34.
Rb7 Kd8 35. Kd1 Bd6 36. Ke2 Bxf4 37. Rxb4 Be3 38. Rb7 Bg5 39. Kf3 Be7 40. Kf4
Bd6+ 41. Kg5 Be7+ 42. Kg6 f4 43. Kf7 f3 44. Kxe6 f2 45. Rb1 Bg5 46. Rf1 Be3 47.
Kf5 Ke7 48. Kg4 Kf6 49. Kxh4 Kf5 50. Kg3 Kg5 51. h4+ Kh5 52. Rxf2 Bxf2+ 53. Kxf2
Kxh4 54. Kf3 Kg5 55. Ke4 Kf6 56. Kxd4 Ke6 57. Kc5 Kd7 58. Kd5 Kc7 59. Ke6 Kd8
60. Kd6 Ke8 61. d4 Kd8 62. d5 1-0

[Event "Olimpiade 2024 - Donne"]
[Site "Budapest"]
[Date "15.09.2024"]
[Round "5.36"]
[Board "2"]
[White "Verbin, Valentina"]
[Black "De la Riva Real, Ariadna"]
[Result "1-0"]
[WhiteTitle "WFM"]
[WhiteElo "2071"]
[BlackElo "1823"]
[WhiteTeam "Moldova"]
[BlackTeam "Andorra"]
[WhiteFideId "13905910"]
[BlackFideId "6901018"]
[EventDate "2024.09.11"]

1. e4 c5 2. Nf3 g6 3. c3 d5 4. exd5 Qxd5 5. d4 Nc6 6. Be3 cxd4 7. cxd4 Nf6 8.
Nc3 Qa5 9. d5 Nb8 10. Qb3 Nbd7 11. Bc4 Ne4 12. O-O Nd6 13. Bd4 f6 14. Nb5 Bg7
15. Rfe1 Kf7 16. Qe3 Ne5 17. Nxe5+ fxe5 18. Bxe5 Nxc4 19. Qf4+ Bf5 20. Qxc4 Rac8
21. Qb3 e6 22. Nd6+ 1-0

[Event "Olimpiade 2024 - Donne"]
[Site "Budapest"]
[Date "15.09.2024"]
[Round "5.36"]
[Board "3"]
[White "Muratet Carmona, Julia"]
[Black "Bargan, Victoria"]
[Result "1/2-1/2"]
[WhiteElo "1816"]
[BlackElo "1941"]
[WhiteTeam "Andorra"]
[BlackTeam "Moldova"]
[WhiteFideId "2204282"]
[BlackFideId "13908197"]
[EventDate "2024.09.11"]

1. e4 c6 2. Nc3 d5 3. Nf3 Bg4 4. h3 Bxf3 5. Qxf3 e6 6. d4 dxe4 7. Qxe4 Nf6 8.
Qd3 Be7 9. Be2 O-O 10. O-O Nbd7 11. Bf4 Nd5 12. Nxd5 cxd5 13. Qb3 Nb6 14. Bd3
Bd6 15. Be3 Qc7 16. c3 Rfc8 17. Qc2 h6 18. Qe2 Nc4 19. Bc1 a6 20. Qg4 Kh8 21.
Qh4 Qe7 22. Qh5 Qf6 23. f4 Bf8 24. f5 Nd6 25. fxe6 Qxe6 26. Bd2 Rc7 27. Rae1 Ne4
28. Bxe4 dxe4 29. Qe5 Qxe5 30. dxe5 Bc5+ 31. Kh1 Rd8 32. Bc1 e3 1/2-1/2

[Event "Olimpiade 2024 - Donne"]
[Site "Budapest"]
[Date "15.09.2024"]
[Round "5.37"]
[Board "3"]
[White "Wadifa, Ahmed"]
[Black "Mosweu, Atlang Amolemo"]
[Result "1/2-1/2"]
[WhiteTitle "WFM"]
[BlackTitle "WCM"]
[WhiteElo "1988"]
[BlackElo "1797"]
[WhiteTeam "Bangladesh"]
[BlackTeam "Botswana"]
[WhiteFideId "10226869"]
[BlackFideId "11314907"]
[EventDate "2024.09.11"]

1. e4 c6 2. d4 d5 3. e5 c5 4. c3 Nc6 5. Nf3 Bg4 6. Bb5 e6 7. O-O Ne7 8. Nbd2 Qb6
9. a4 a6 10. dxc5 Qxc5 11. Bxc6+ Nxc6 12. h3 Bxf3 13. Nxf3 Qb6 14. Qe2 Be7 15.
Rd1 O-O 16. Nd4 Rac8 17. Kh1 Nxd4 18. Rxd4 Rc4 19. Rxc4 dxc4 20. Be3 Bc5 21. a5
Qb5 22. Bg5 Re8 23. f4 Be7 24. Bxe7 Rxe7 25. Rd1 Re8 26. Kh2 Rc8 27. Qd2 Qxa5
28. Qd7 Rf8 29. Qxb7 Qb5 30. Qe7 g6 31. Rd4 Qxb2 32. Rxc4 Qe2 33. Rd4 h5 34. h4
Qe3 35. Rc4 Qe2 36. Rc7 Qe4 37. Qf6 a5 38. c4 a4 39. c5 Qe3 40. c6 a3 41. Rxf7
Rxf7 42. Qxg6+ 1/2-1/2

[Event "Olimpiade 2024 - Donne"]
[Site "Budapest"]
[Date "15.09.2024"]
[Round "5.41"]
[Board "2"]
[White "Jorquera Cabello, Valentina"]
[Black "Rivera Negron, Yanira"]
[Result "1-0"]
[WhiteTitle "WIM"]
[BlackTitle "WCM"]
[WhiteElo "1919"]
[BlackElo "1805"]
[WhiteTeam "Chile"]
[BlackTeam "Puerto Rico"]
[WhiteFideId "3405494"]
[BlackFideId "3101177"]
[EventDate "2024.09.11"]

1. e4 e6 2. d4 d5 3. Bd3 c5 4. c3 dxe4 5. Bxe4 Nf6 6. Bf3 cxd4 7. cxd4 Bb4+ 8.
Nc3 O-O 9. Ne2 Nbd7 10. Bf4 Nb6 11. O-O Nbd5 12. Bg5 Qa5 13. Bd2 Rb8 14. a3 Bxc3
15. Nxc3 Qb6 16. Nxd5 Nxd5 17. Bc3 Bd7 18. Qd2 Rfc8 19. Rfe1 Bc6 20. Ba5 Qa6 21.
Be2 Bb5 22. Bd1 Qc6 23. Bb3 b6 24. Rac1 Qd7 25. Bc3 Qb7 26. Qg5 Bc4 27. Bc2 Qe7
28. Qxe7 Nxe7 29. Bb4 Nd5 30. Bd6 Ra8 31. Be4 Bb3 32. h3 g6 33. Be5 h5 34. Bf3
a5 35. h4 Rc4 36. Bxd5 exd5 37. Rc3 Ba4 38. Rce3 Bd7 39. Bf6 Be6 40. Rb3 Rb8 41.
Rc3 Rbc8 42. Ree3 Kf8 43. Rb3 R4c6 44. Rb5 Kg8 45. Reb3 a4 46. Rc3 Rxc3 47. bxc3
Rc6 48. Be5 Kf8 49. Bb8 Ke7 50. Ba7 Rxc3 51. Bxb6 Rb3 52. Bc5+ Kf6 53. Ra5 Bd7
54. Bb4 Bc6 55. Ra6 Rb1+ 56. Kh2 Rc1 57. Bc5 1-0

[Event "Olimpiade 2024 - Donne"]
[Site "Budapest"]
[Date "15.09.2024"]
[Round "5.49"]
[Board "1"]
[White "Cordero, Daniela"]
[Black "Wilson, Hannah"]
[Result "1-0"]
[WhiteTitle "WIM"]
[BlackTitle "WCM"]
[WhiteElo "2017"]
[BlackElo "1888"]
[WhiteTeam "Bolivia"]
[BlackTeam "Barbados"]
[WhiteFideId "3301630"]
[BlackFideId "11104600"]
[EventDate "2024.09.11"]

1. d4 Nf6 2. Nf3 g6 3. c4 Bg7 4. g3 c6 5. Bg2 d5 6. cxd5 cxd5 7. Ne5 Ne4 8. Qa4+
Nd7 9. f3 Nf6 10. Bd2 O-O 11. Ba5 b6 12. Nc6 Qe8 13. Bb4 Nc5 14. dxc5 b5 15.
Qxb5 a5 16. Bc3 Bd7 17. Nxe7+ Qxe7 18. c6 Rfb8 19. Qa4 Be8 20. Nd2 Qe6 21. Nb3
Bxc6 22. Qh4 Re8 23. O-O a4 24. Nd4 Qe3+ 25. Kh1 g5 26. Qh3 Bd7 27. Nf5 Qe6 28.
Nxg7 Kxg7 29. Bxf6+ Kxf6 30. Qh6+ Ke7 31. Qxg5+ Kf8 32. f4 Bc6 33. f5 Qe3 34.
Rf4 Rec8 35. f6 Qe6 36. Qh6+ Ke8 37. Qxh7 Kd8 38. Qd3 Kc7 39. Rc1 Kd6 40. Re1
Rh8 41. e4 Rh5 42. Rd1 Ra5 43. Qc3 Rb5 44. Rc1 Kd7 45. exd5 Rbxd5 46. Re4 Qd6
47. Rce1 Rd2 48. Re7+ Kd8 49. Bxc6 Rdxh2+ 50. Kg1 R2h3 51. Re8+ Kc7 52. R1e7+ 1-0

[Event "Olimpiade 2024 - Donne"]
[Site "Budapest"]
[Date "15.09.2024"]
[Round "5.65"]
[Board "3"]
[White "Pieter, Liana"]
[Black "Prasad, Tanvi"]
[Result "0-1"]
[BlackTitle "WCM"]
[WhiteElo "1619"]
[BlackElo "1564"]
[WhiteTeam "Netherlands Antilles"]
[BlackTeam "Fiji"]
[WhiteFideId "7502192"]
[BlackFideId "11401117"]
[EventDate "2024.09.11"]

1. d4 b6 2. e4 Bb7 3. Bd3 e6 4. Bf4 Nf6 5. Nd2 c5 6. c3 cxd4 7. cxd4 Bb4 8. Nf3
Nc6 9. Bg5 h6 10. Bxf6 Qxf6 11. e5 Qd8 12. O-O Bxd2 13. Qxd2 O-O 14. Rac1 Ne7
15. Be2 d6 16. Rfd1 Ng6 17. Qb4 Nf4 18. Qd2 dxe5 19. dxe5 Qxd2 20. Rxd2 Rad8 21.
Rdc2 Be4 22. Kf1 Bxc2 23. Rxc2 Nxe2 24. Kxe2 Rc8 25. Rd2 Rfd8 26. Nd4 Rd5 27.
Nf3 Rxd2+ 28. Kxd2 Rc5 29. b3 g5 30. g4 Kg7 31. a3 a5 32. b4 axb4 33. axb4 Rc4
34. Kd3 Rxb4 35. Kc2 Rxg4 36. Kd3 Rf4 37. Ke3 Rc4 38. Nd4 Rc5 39. f4 b5 40. Nf3
gxf4+ 41. Kxf4 b4 42. Nd2 Rc2 43. Ke3 Kg6 44. Kd3 Rc3+ 45. Ke4 b3 46. Nxb3 Rxb3
47. Kf4 Rb4+ 48. Ke3 Kf5 49. Kd3 Kxe5 50. Kc3 Rd4 51. h4 f5 0-1

[Event "Olimpiade 2024 - Donne"]
[Site "Budapest"]
[Date "16.09.2024"]
[Round "6.1"]
[Board "1"]
[White "Dronavalli, Harika"]
[Black "Mkrtchian, Lilit"]
[Result "1/2-1/2"]
[WhiteTitle "GM"]
[BlackTitle "IM"]
[WhiteElo "2502"]
[BlackElo "2366"]
[WhiteTeam "India"]
[BlackTeam "Armenia"]
[WhiteFideId "5015197"]
[BlackFideId "13300601"]
[EventDate "2024.09.11"]

1. Nf3 d5 2. d4 Nf6 3. c4 e6 4. Nc3 Be7 5. Bg5 h6 6. Bxf6 Bxf6 7. e3 O-O 8. Rc1
c6 9. Bd3 Nd7 10. O-O dxc4 11. Bxc4 e5 12. Ne4 exd4 13. Nxf6+ Qxf6 14. Qxd4 Qxd4
15. Nxd4 Ne5 16. Be2 Bd7 17. Rfd1 Rfd8 18. f3 Kf8 19. Kf2 a5 20. h3 Ng6 21. f4
Rac8 22. Nb3 b6 23. Nd2 Be8 24. Nc4 Rxd1 25. Rxd1 Rb8 26. Bf3 Ne7 27. Ne5 a4 28.
g4 b5 29. Nd7+ Bxd7 30. Rxd7 Ke8 31. Rc7 Kd8 32. Ra7 Rc8 33. g5 hxg5 34. fxg5
Rc7 35. Ra8+ Rc8 36. Rxc8+ Kxc8 37. h4 g6 38. h5 gxh5 39. Bxh5 Ng6 40. Kf3 Kd7
41. Ke4 Ke6 42. Bg4+ Ke7 43. Bh5 Ke6 44. Bg4+ 1/2-1/2

[Event "Olimpiade 2024 - Donne"]
[Site "Budapest"]
[Date "16.09.2024"]
[Round "6.1"]
[Board "2"]
[White "Mkrtchyan, Mariam"]
[Black "Vaishali, Rameshbabu"]
[Result "1/2-1/2"]
[WhiteTitle "WIM"]
[BlackTitle "GM"]
[WhiteElo "2328"]
[BlackElo "2498"]
[WhiteTeam "Armenia"]
[BlackTeam "India"]
[WhiteFideId "13310828"]
[BlackFideId "5091756"]
[EventDate "2024.09.11"]

1. d4 Nf6 2. c4 e6 3. Nf3 Bb4+ 4. Bd2 Qe7 5. g3 Bxd2+ 6. Qxd2 Nc6 7. a3 d5 8. b3
e5 9. cxd5 Nxd5 10. dxe5 Nb6 11. Qc3 O-O 12. Bg2 Re8 13. O-O Nxe5 14. Nbd2 c6
15. e4 Nxf3+ 16. Nxf3 Bg4 17. h3 Bxf3 18. Bxf3 Rad8 19. Rad1 Qxa3 20. Rxd8 Rxd8
21. Ra1 Qe7 22. Rxa7 Nc8 23. Ra8 Nd6 24. Qa5 Rxa8 25. Qxa8+ Qf8 26. Qxf8+ Kxf8
27. e5 Nb5 28. Be4 Nd4 29. b4 Ne2+ 30. Kf1 Nc3 31. Bg2 Ke7 32. Ke1 Ke6 33. f4
Nd5 34. b5 cxb5 35. Kd2 b4 36. Kd3 b5 37. Kd4 Nc3 38. Bf1 h5 39. Bd3 g6 40. g4
h4 41. f5+ gxf5 42. gxf5+ Ke7 43. Kc5 b3 44. Kb4 Nd5+ 45. Kxb3 Nf4 46. Bf1 f6
47. e6 Nxe6 48. fxe6 Kxe6 49. Bxb5 Kf7 50. Kc3 1/2-1/2

[Event "Olimpiade 2024 - Donne"]
[Site "Budapest"]
[Date "16.09.2024"]
[Round "6.1"]
[Board "3"]
[White "Divya, Deshmukh"]
[Black "Danielian, Elina"]
[Result "1-0"]
[WhiteTitle "IM"]
[BlackTitle "GM"]
[WhiteElo "2483"]
[BlackElo "2393"]
[WhiteTeam "India"]
[BlackTeam "Armenia"]
[WhiteFideId "35006916"]
[BlackFideId "13300210"]
[EventDate "2024.09.11"]

1. e4 e6 2. d4 d5 3. e5 c5 4. c3 Nc6 5. Nf3 Bd7 6. Bd3 Qb6 7. O-O cxd4 8. Re1
Rc8 9. Nbd2 Nge7 10. Nb3 dxc3 11. bxc3 Na5 12. Rb1 Nxb3 13. Rxb3 Qc7 14. Qe2 Nc6
15. Ng5 Na5 16. Rb1 Bc6 17. Nxh7 Be7 18. Qg4 g6 19. Ng5 Bxg5 20. Bxg5 Kd7 21. c4
dxc4 22. Bxg6 Rcf8 23. Be4 Kc8 24. Bf6 Rhg8 25. Qf3 Kb8 26. h4 Rc8 27. h5 Bxe4
28. Rxe4 c3 29. h6 c2 30. Rc1 Qd7 31. h7 Rh8 32. Bxh8 Rxh8 33. Qg4 Qd2 34. Qg8+
Kc7 35. Ree1 Qd8 36. Rxc2+ Nc6 37. Qxf7+ Qd7 38. Qxd7+ Kxd7 39. Rd1+ Ke7 40. Rb1 1-0

[Event "Olimpiade 2024 - Donne"]
[Site "Budapest"]
[Date "16.09.2024"]
[Round "6.1"]
[Board "4"]
[White "Sargsyan, Anna M."]
[Black "Tania, Sachdev"]
[Result "1/2-1/2"]
[WhiteTitle "IM"]
[BlackTitle "IM"]
[WhiteElo "2364"]
[BlackElo "2386"]
[WhiteTeam "Armenia"]
[BlackTeam "India"]
[WhiteFideId "13308130"]
[BlackFideId "5007844"]
[EventDate "2024.09.11"]

1. e4 e5 2. Nf3 Nc6 3. Bc4 Nf6 4. d3 Bc5 5. c3 d6 6. O-O a5 7. Re1 Ba7 8. Bb3 h6
9. Be3 O-O 10. Bxa7 Rxa7 11. h3 Nh5 12. Nxe5 Nxe5 13. Qxh5 Nxd3 14. Re3 Nf4 15.
Qf3 Qg5 16. Kh1 a4 17. Bc2 Bd7 18. Nd2 Raa8 19. Rae1 Bc6 20. Qg4 Qxg4 21. hxg4
Rfe8 22. g3 Ne6 23. Kg1 Nc5 24. Nf3 Ne6 25. Nh4 g6 26. f4 Kg7 27. e5 dxe5 28. f5
Nf8 29. Rxe5 Rxe5 30. Rxe5 Kf6 31. Re2 Re8 32. Rd2 a3 33. bxa3 Re3 34. fxg6 fxg6
35. Kh2 Rxc3 36. Rf2+ Kg5 37. Kh3 h5 38. gxh5 gxh5 39. Bd1 Bd7+ 40. Kh2 Ng6 41.
Rf7 Ne5 42. Nf3+ Nxf3+ 43. Bxf3 Be6 44. Rf8 Rxa3 45. Bxb7 Rxa2+ 46. Kg1 c5 47.
Rf2 Rxf2 48. Kxf2 c4 49. Ke3 Bf5 50. Bf3 c3 51. Be2 Be4 52. Bb5 Bg6 53. Be2 Be4
54. Bb5 Bf5 55. Be2 Bg4 56. Bb5 Bd1 57. Kd3 Kg4 58. Be8 Kxg3 59. Bxh5 c2 60. Kd2
Bxh5 61. Kxc2 1/2-1/2

[Event "Olimpiade 2024 - Donne"]
[Site "Budapest"]
[Date "16.09.2024"]
[Round "6.2"]
[Board "1"]
[White "Gaal, Zsoka"]
[Black "Cori T., Deysi"]
[Result "1-0"]
[WhiteTitle "WIM"]
[BlackTitle "IM"]
[WhiteElo "2385"]
[BlackElo "2366"]
[WhiteTeam "Hungary"]
[BlackTeam "Peru"]
[WhiteFideId "777765"]
[BlackFideId "3801934"]
[EventDate "2024.09.11"]

1. d4 e6 2. c4 b6 3. a3 Bb7 4. Nc3 Nf6 5. d5 exd5 6. cxd5 Bd6 7. Nf3 O-O 8. Bg5
h6 9. h4 c5 10. Qc2 Be7 11. O-O-O d6 12. e3 a6 13. g4 Nxg4 14. Bd3 Bc8 15. Bxe7
Qxe7 16. Ng5 Ne5 17. Bxa6 hxg5 18. hxg5 Ng6 19. Bd3 Qe5 20. Ne4 c4 21. f4 Nxf4
22. exf4 Qxf4+ 23. Qd2 Qxd2+ 24. Rxd2 f5 25. g6 fxe4 26. Rdh2 1-0

[Event "Olimpiade 2024 - Donne"]
[Site "Budapest"]
[Date "16.09.2024"]
[Round "6.2"]
[Board "2"]
[White "Aliaga Fernandez, Ingrid Y"]
[Black "Hoang, Thanh Trang"]
[Result "1/2-1/2"]
[WhiteTitle "WIM"]
[BlackTitle "GM"]
[WhiteElo "2111"]
[BlackElo "2351"]
[WhiteTeam "Peru"]
[BlackTeam "Hungary"]
[WhiteFideId "3802191"]
[BlackFideId "12400149"]
[EventDate "2024.09.11"]

1. e4 e6 2. d4 d5 3. Nc3 Nf6 4. e5 Nfd7 5. f4 c5 6. Nf3 Nc6 7. Be3 a6 8. Qd2 b5
9. dxc5 Bxc5 10. Bxc5 Nxc5 11. Qf2 Qb6 12. Bd3 b4 13. Ne2 a5 14. O-O Ba6 15.
Rfd1 h6 16. Nfd4 Ne7 17. h3 O-O 18. Qe3 Rfc8 19. Rf1 Na4 20. Rab1 Ra7 21. Rf3
Bxd3 22. cxd3 Rac7 23. Kh2 Nc6 24. Rg3 Ne7 25. b3 Nc5 26. Rf1 Nd7 27. f5 Nxf5
28. Nxf5 exf5 29. Nd4 Re8 30. Rxf5 Nf8 31. Rxg7+ Kxg7 32. Rf6 Qb8 33. Qxh6+ Kg8
34. Nf5 Ne6 35. Rxe6 fxe6 36. Qg6+ Kh8 37. Qf6+ Kg8 38. Qg6+ Kh8 39. Qf6+ 1/2-1/2

[Event "Olimpiade 2024 - Donne"]
[Site "Budapest"]
[Date "16.09.2024"]
[Round "6.2"]
[Board "3"]
[White "Terbe, Julianna"]
[Black "Contreras Huaman, Fiorella"]
[Result "1/2-1/2"]
[WhiteTitle "WIM"]
[BlackTitle "WIM"]
[WhiteElo "2245"]
[BlackElo "2168"]
[WhiteTeam "Hungary"]
[BlackTeam "Peru"]
[WhiteFideId "708780"]
[BlackFideId "3824675"]
[EventDate "2024.09.11"]

1. d4 d5 2. c4 c6 3. cxd5 cxd5 4. Nc3 Nf6 5. Bf4 Nc6 6. e3 a6 7. Be2 e6 8. Nf3
Bd6 9. Bxd6 Qxd6 10. O-O O-O 11. Rc1 b5 12. a4 b4 13. Nb1 Bd7 14. Nbd2 Na5 15.
Ne5 Rfc8 16. Rxc8+ Rxc8 17. Bd3 Be8 18. f4 b3 19. Nxb3 Bxa4 20. Qa1 Nxb3 21.
Qxa4 Qb6 22. Nd7 Nxd7 23. Qxd7 Rb8 24. f5 Nxd4 25. fxe6 Qxe6 26. Qxe6 Nxe6 27.
Bxa6 Rxb2 28. Rd1 Rb6 29. Be2 Rd6 30. Bf3 d4 31. exd4 Rxd4 32. Ra1 g6 33. g3 h5
34. h4 Rd3 35. Kf2 Nd4 36. Ra8+ Kg7 37. Be4 Rc3 38. Ra7 Ne6 39. Bd5 Rc7 40. Ra2
Nd4 41. Be4 Re7 42. Bd3 Re6 43. Ra4 Rf6+ 44. Kg2 Nf3 45. Be4 Ne5 46. Ra3 Rb6 47.
Bd5 Rb2+ 48. Kg1 Rd2 49. Be4 Rd4 50. Re3 Ng4 51. Re2 f5 52. Bf3 Kf6 53. Bxg4
Rxg4 54. Kf2 f4 55. gxf4 Rxh4 56. Kg3 Rg4+ 57. Kf3 Rg1 58. Ra2 h4 59. Ra7 Rg3+
60. Ke4 h3 61. Rh7 Rb3 62. Rh8 Ke6 63. Rh7 Kf6 64. Rh8 Kg7 65. Rh4 Rg3 66. Ke5
Re3+ 67. Kd4 Ra3 68. Ke4 Rg3 69. Ke5 Rb3 70. Ke4 g5 71. Rh5 Rb4+ 72. Kf5 Rxf4+ 1/2-1/2

[Event "Olimpiade 2024 - Donne"]
[Site "Budapest"]
[Date "16.09.2024"]
[Round "6.2"]
[Board "4"]
[White "Garcia Andrada, Heidy Nicole"]
[Black "Papp, Petra"]
[Result "1-0"]
[WhiteTitle "WIM"]
[BlackTitle "WGM"]
[WhiteElo "2003"]
[BlackElo "2259"]
[WhiteTeam "Peru"]
[BlackTeam "Hungary"]
[WhiteFideId "3831779"]
[BlackFideId "739049"]
[EventDate "2024.09.11"]

1. c4 e5 2. Nc3 Nc6 3. g3 Bc5 4. Bg2 a6 5. e3 d6 6. Nge2 Ba7 7. d4 Nf6 8. h3 O-O
9. O-O h6 10. a3 Re8 11. b4 Rb8 12. d5 Ne7 13. e4 Nh7 14. Kh2 Ng6 15. Qd3 Rf8
16. Be3 Bxe3 17. Qxe3 Qe7 18. Rac1 Bd7 19. c5 b6 20. cxd6 cxd6 21. Rc2 Rfc8 22.
Rfc1 h5 23. Qd3 b5 24. Nb1 Qd8 25. Nd2 h4 26. Nb3 Qb6 27. Ng1 Rf8 28. g4 Nf4 29.
Qe3 Qd8 30. Na5 Qf6 31. Rc7 Be8 32. R1c2 Ng5 33. Nb7 Ra8 34. Na5 Qg6 35. Bh1 Kh8
36. Nb7 Rb8 37. Qa7 Rxb7 38. Qxb7 Nxe4 39. Rc8 Nc5 40. R8xc5 dxc5 41. Rxc5 Qf6
42. Be4 g6 43. Rc8 Qd6 44. Qa8 Qd7 45. Rd8 Qc7 46. Rxe8 Rxe8 47. Qxe8+ Kg7 48.
Qc6 Qd8 49. Nf3 Qb8 50. d6 Ne6 51. Qd5 Qb6 52. Kg1 a5 53. Qxe5+ Kg8 54. Bxg6 Qc6
55. Bxf7+ Kxf7 56. Qxe6+ Kxe6 57. Nd4+ Kxd6 58. Nxc6 Kxc6 59. bxa5 1-0

[Event "Olimpiade 2024 - Donne"]
[Site "Budapest"]
[Date "16.09.2024"]
[Round "6.3"]
[Board "1"]
[White "Dzagnidze, Nana"]
[Black "Munkhzul, Turmunkh"]
[Result "1/2-1/2"]
[WhiteTitle "GM"]
[BlackTitle "WGM"]
[WhiteElo "2508"]
[BlackElo "2256"]
[WhiteTeam "Georgia"]
[BlackTeam "Mongolia"]
[WhiteFideId "13601903"]
[BlackFideId "4901878"]
[EventDate "2024.09.11"]

1. Nf3 Nf6 2. c4 e6 3. Nc3 d5 4. d4 Be7 5. Bf4 O-O 6. a3 c5 7. dxc5 Bxc5 8. e3
dxc4 9. Bxc4 Qxd1+ 10. Rxd1 a6 11. Ne5 Nbd7 12. Be2 Nxe5 13. Bxe5 b5 14. Bf3 Ra7
15. Bd6 Bxd6 16. Rxd6 Rd7 17. Rb6 Rfd8 18. O-O Rd6 19. Rxd6 Rxd6 20. Rc1 Bd7 21.
g4 h6 22. Ne4 Nxe4 23. Bxe4 Kf8 24. Rc7 a5 25. Kf1 Ke8 26. Ke1 Kd8 27. Ra7 a4
28. Ra8+ Ke7 29. Ra7 Kd8 30. Ra8+ Ke7 31. Rb8 f5 32. Bf3 Kf6 33. h4 Ke7 34. Rb7
Kf6 35. Rc7 Ke7 36. Be2 Rb6 37. Kd2 Kd6 38. Ra7 b4 39. Bd1 b3 40. f4 fxg4 41.
Bxg4 Rc6 42. Bd1 Rc5 43. Ra6+ Ke7 44. Ra7 Kd6 45. Ra6+ Ke7 46. Ra7 Kd6 1/2-1/2